Statistics for Země nejblíže Finsku

Click here to take the quiz!

General Stats

  • This quiz has been taken 364 times
  • The average score is 17 of 20

Answer Stats

kmzemě% Correct
0Norsko
99%
0Švédsko
99%
0Rusko
98%
1044Česko
97%
603Polsko
97%
575Dánsko
96%
718Německo
96%
378Litva
95%
1153Slovensko
95%
47Estonsko
94%
470Bělorusko
92%
213Lotyšsko
92%
879Ukrajina
92%
1262Rakousko
84%
1071Nizozemí
82%
1315Belgie
80%
1256Maďarsko
79%
1306Rumunsko
68%
1291Moldavsko
57%
1106Spojené království
29%

Score Distribution

Percentile by Number Answered

Percent of People with Each Score

Your Score History

You have not taken this quiz